Filosofía, sociedad e incomunicación: homenaje a Antonio García Martínez

Saved in:
Bibliografiske detaljer
Format: Bog
Sprog:spansk
Udgivet: Murcia Universidad de Murcia 1983
Fag:
Tags: Tilføj Tag
Ingen Tags, Vær først til at tagge denne postø!

MARC

LEADER 00000nam a2200000 a 4500
001 UCX3685
003 CL-VaPUC
008 911125e19830000SP |||||||||||||||||spa|d
082 0 4 |a 100  |b FIL  |2 21 
245 1 0 |a Filosofía, sociedad e incomunicación: homenaje a Antonio García Martínez 
300 |a 373 p 
942 |c BK 
945 |d 19911125 00:00:00 
260 |a Murcia  |b Universidad de Murcia  |c 1983 
600 0 7 |a GARCIA MARTINEZ, ANTONIO  |2 CL-VaPUC  |9 319863 
650 0 |a Filosofía   |9 223554 
583 |a last modification  |c 19911125 00:00:00  |k Rodrigo Vera 
999 |c 224371  |d 224369 
952 |0 0  |1 0  |4 0  |6 100_000000000000000_FIL_1983  |7 0  |8 P  |9 220946  |a BIBEDU  |b BIBEDU  |c BIBEDU_PB  |d 2019-11-15  |i 2897067  |o 100 FIL 1983  |p 2897067  |r 2024-01-25  |w 2019-11-15  |y BK  |k FIL